15 x 10 Nonogram with Whammies - "Transport" - Statistics

General Stats
  • This quiz has been taken 1,568 times
  • The average score is 86 of 150
Answer Stats
Answer % Correct
x
76%
d
75%
d
73%
d
72%
d
71%
x
71%
x
71%
d
70%
d
70%
x
69%
d
68%
d
68%
d
67%
d
67%
d
67%
d
67%
x
67%
x
67%
d
66%
d
66%
d
66%
d
66%
x
66%
x
66%
x
66%
d
65%
d
65%
d
64%
d
64%
x
64%
x
64%
x
64%
x
64%
x
64%
d
63%
d
63%
d
63%
d
63%
d
63%
x
63%
x
63%
d
62%
d
62%
x
62%
x
62%
d
61%
d
61%
d
61%
d
61%
d
61%
x
61%
x
61%
x
61%
x
60%
x
60%
x
60%
x
60%
x
60%
d
59%
d
59%
d
59%
x
59%
x
59%
x
59%
x
59%
x
59%
d
58%
d
58%
d
58%
x
58%
x
58%
x
58%
d
57%
d
57%
d
57%
d
57%
x
57%
x
57%
x
57%
d
56%
d
56%
x
56%
x
56%
x
56%
x
56%
x
56%
d
55%
d
55%
d
55%
d
55%
d
55%
x
55%
x
55%
x
55%
x
55%
d
54%
d
54%
d
54%
d
54%
x
54%
x
54%
x
54%
x
54%
x
54%
x
54%
x
54%
x
54%
x
54%
d
53%
d
53%
d
53%
x
53%
x
53%
x
52%
x
52%
x
52%
x
52%
x
52%
x
52%
d
51%
x
51%
x
51%
x
51%
x
51%
d
50%
x
50%
x
50%
x
50%
x
50%
x
49%
x
48%
d
47%
d
47%
d
47%
x
47%
x
47%
x
46%
x
46%
x
46%
x
44%
d
43%
d
43%
x
43%
d
42%
d
42%
d
42%
x
42%
x
42%
d
41%
x
41%
No matching quizzes found
Score Distribution
Percent of People with Each Score
Percentile by Number Answered
Your Score History
You have not taken this quiz